[Event "DEM U10 2018"]
[Site "Willingen GER"]
[Date "2018.05.22"]
[Round "5"]
[White "Leubner, Paul Damdin"]
[Black "Pauscher, Moritz"]
[Result "1/2-1/2"]
[Termination "normal"]
[Board "22"]
[WhiteElo "1127"]
[BlackElo "1351"]
[PlyCount "85"]
[WhiteFideId "16265858"]
[BlackFideId "16265742"]
[EventCountry "GER"]
[EventRounds "11"]
[EventType "swiss"]
[EventDate "2018.05.19"]

1. e4 e5 2. Nf3 Nc6 3. d4 exd4 4. Bc4 Bc5 5. c3 Nf6 6. e5 Qe7 7. cxd4 Bb4+ 8.
Bd2 Bxd2+ 9. Nbxd2 d5 10. Bb5 O-O 11. O-O Nd7 12. Re1 Nb6 13. a3 Bg4 14. Qc2
Nd8 15. Bd3 g6 16. h3 Be6 17. Nf1 c6 18. Ng3 f5 19. Qd2 Nf7 20. Nh2 Qg5 21. f4
Qxg3 22. Nf1 Qh4 23. Re2 Qe7 24. Nh2 c5 25. Nf3 c4 26. Bc2 a5 27. a4 Qb4 28.
Qc1 Rab8 29. Bd1 {(=)} 29... Rfe8 30. Qc2 Nc8 31. Rb1 Na7 32. b3 c3 33. Re3
Rbc8 34. Rc1 b5 35. Rxc3 Rxc3 36. Qxc3 Qxc3 37. Rxc3 b4 38. Rc5 Rc8 39. Rxa5
Rc7 40. Be2 h6 41. Ra6 Re7 42. Rb6 g5 43. fxg5 1/2-1/2

[Event "DEM U10 2018"]
[Site "Willingen GER"]
[Date "2018.05.22"]
[Round "5"]
[White "Scheerer, Julian"]
[Black "Weyerer, Noah"]
[Result "0-1"]
[Termination "normal"]
[Board "23"]
[WhiteElo "1301"]
[BlackElo "1263"]
[PlyCount "46"]
[WhiteFideId "16265769"]
[BlackFideId "16250664"]
[EventCountry "GER"]
[EventRounds "11"]
[EventType "swiss"]
[EventDate "2018.05.19"]

1. e4 d6 2. d4 Nf6 3. Nc3 e5 4. d5 Be7 5. Nf3 O-O 6. Be2 Re8 7. Be3 Nbd7 8. h3
Nf8 9. O-O Ng6 10. Qd2 c6 11. dxc6 bxc6 12. Bc4 Be6 13. Ng5 Bxc4 14. Rfd1 Qd7
15. b3 Be6 16. Ne2 h6 17. Nf3 Nxe4 18. Qd3 Bf5 19. Qa6 Nf6 20. c4 d5 21. cxd5
Nxd5 22. h4 e4 23. Nfd4 Bg4 0-1

[Event "DEM U10 2018"]
[Site "Willingen GER"]
[Date "2018.05.22"]
[Round "5"]
[White "Kamleiter, Noah"]
[Black "Fruth, David"]
[Result "1/2-1/2"]
[Termination "normal"]
[Board "24"]
[WhiteElo "1213"]
[BlackElo "1482"]
[PlyCount "133"]
[WhiteFideId "16265815"]
[BlackFideId "16257596"]
[EventCountry "GER"]
[EventRounds "11"]
[EventType "swiss"]
[EventDate "2018.05.19"]

1. e4 e5 2. Nf3 Nc6 3. Bb5 a6 4. Ba4 Nf6 5. d4 exd4 6. O-O Bc5 7. e5 Nd5 8. c3
Nb6 9. cxd4 Nxa4 10. Qxa4 Bb6 11. d5 Ne7 12. d6 Nc6 13. Re1 O-O 14. Qg4 f5 15.
Qg3 Kh8 16. b3 Re8 17. Bb2 cxd6 18. Ng5 Kg8 19. Nxh7 Kxh7 20. e6 Re7 21. Qh4+
Kg8 22. Qg3 dxe6 23. Bf6 Qf8 24. Bxe7 Qxe7 25. Nd2 Ne5 26. Rac1 Bd7 27. Nc4
Nxc4 28. Rxc4 Bb5 29. Rh4 Bd8 30. Rh5 Be8 31. Rxf5 Rc8 32. h3 e5 33. Qg4 Bd7
34. f4 Bxf5 35. Qxf5 Bb6+ 36. Kh2 Rf8 37. Qd3 Rxf4 38. Qd5+ Kh8 39. Rc1 Bc5 40.
Rc3 Rd4 41. Qf3 Qf6 42. Qh5+ Qh6 43. Qe8+ Kh7 44. Rg3 Rd1 45. Rxg7+ Kxg7 46.
Qe7+ Kg8 47. Qe8+ Kh7 48. Qf7+ Qg7 49. Qh5+ Qh6 50. Qf7+ Kh8 51. Qe8+ Kg7 52.
Qe7+ Kg6 53. Qe6+ Kg5 54. Qg8+ Kf4 55. Qg4+ Ke3 56. Qxd1 Qf4+ 57. Kh1 Qf2 58.
Qc1+ Ke2 59. Qc2+ Kf1 60. Qd1+ Qe1 61. Qf3+ Qf2 62. Qd1+ Qe1 63. Qf3+ Bf2 64.
Qd3+ Qe2 65. Qb1+ Be1 66. Qf5+ Bf2 67. Qb1+ 1/2-1/2

[Event "DEM U10 2018"]
[Site "Willingen GER"]
[Date "2018.05.22"]
[Round "5"]
[White "Henzgen, Pascal"]
[Black "Ivanov, Alexander"]
[Result "0-1"]
[Termination "normal"]
[Board "26"]
[WhiteElo "1223"]
[BlackElo "1155"]
[PlyCount "86"]
[WhiteFideId "16263138"]
[BlackFideId "34604472"]
[EventCountry "GER"]
[EventRounds "11"]
[EventType "swiss"]
[EventDate "2018.05.19"]

1. d4 f5 2. Nf3 Nf6 3. Bf4 e6 4. e3 Be7 5. Bd3 d6 6. O-O O-O 7. c4 Nc6 8. a3 a5
9. Nc3 Bd7 10. Qc2 d5 11. cxd5 exd5 12. Bxf5 Bxf5 13. Qxf5 Qc8 14. Qxc8 Raxc8
15. Rfe1 Ne4 16. Nxe4 dxe4 17. Nd2 Bd6 18. Bxd6 cxd6 19. Nxe4 d5 20. Nd6 Rb8
21. Rab1 Na7 22. Rec1 Rf6 23. Nxb7 Rxb7 24. b4 Rfb6 25. h3 Nc6 26. b5 Ne7 27.
a4 Rb8 28. Rc7 R6b7 29. Rbc1 h6 30. f3 Nf5 31. Rxb7 Rxb7 32. e4 Nxd4 33. Rd1
Ne2+ 34. Kf2 Nc3 35. Rd3 Nxa4 36. Rxd5 Nc3 37. Rd3 Nxb5 38. e5 a4 39. e6 a3 40.
Rd7 Rb8 41. e7 Re8 42. Rb7 a2 43. Rxb5 a1=Q 0-1

[Event "DEM U10 2018"]
[Site "Willingen GER"]
[Date "2018.05.22"]
[Round "5"]
[White "Hubert, Nikita"]
[Black "Müller, Mitja"]
[Result "1/2-1/2"]
[Termination "normal"]
[Board "27"]
[WhiteElo "1122"]
[BlackElo "1215"]
[PlyCount "54"]
[WhiteFideId "16235754"]
[BlackFideId "16265807"]
[EventCountry "GER"]
[EventRounds "11"]
[EventType "swiss"]
[EventDate "2018.05.19"]

1. e4 c5 2. c4 e6 3. Nc3 a6 4. Nf3 Qc7 5. Be2 Nc6 6. O-O Nf6 7. d4 cxd4 8. Nxd4
Bc5 9. Be3 O-O 10. Nxe6 dxe6 11. Bxc5 Rd8 12. Qb3 Qf4 13. Be3 Qe5 14. f4 Qd6
15. Rad1 Qe7 16. Rxd8+ Qxd8 17. Rd1 Qe7 18. a3 e5 19. f5 g6 20. fxg6 hxg6 21.
Bg5 Nd4 22. Qb6 Nxe2+ 23. Nxe2 Kg7 24. Rf1 Nd7 25. Bxe7 Nxb6 26. Bf6+ Kg8 27.
Rd1 Bg4 1/2-1/2

[Event "DEM U10 2018"]
[Site "Willingen GER"]
[Date "2018.05.22"]
[Round "5"]
[White "Malchereck, Romeo"]
[Black "Westedt, Felix"]
[Result "1-0"]
[Termination "normal"]
[Board "28"]
[WhiteElo "1184"]
[BlackElo "1049"]
[PlyCount "65"]
[WhiteFideId "16265831"]
[BlackFideId "16265874"]
[EventCountry "GER"]
[EventRounds "11"]
[EventType "swiss"]
[EventDate "2018.05.19"]

1. d4 d5 2. c4 e6 3. Nc3 Nf6 4. Nf3 Bd6 5. Bg5 Nbd7 6. cxd5 exd5 7. Nxd5 h6 8.
Bxf6 gxf6 9. e4 c6 10. Nc3 Nb6 11. e5 fxe5 12. dxe5 Bb4 13. Qxd8+ Kxd8 14.
O-O-O+ Ke8 15. Ne4 Bf5 16. Nd6+ Ke7 17. Nxf5+ Kf8 18. Rd3 Nd5 19. g3 Rd8 20.
Bg2 Bc5 21. Rhd1 Bxf2 22. R1d2 Bc5 23. N3d4 Ke8 24. Bxd5 Rxd5 25. Ng7+ Ke7 26.
Ndf5+ Kd7 27. Rxd5+ cxd5 28. Rxd5+ Kc6 29. Ne7+ Kc7 30. Rxc5+ Kd7 31. Ngf5 b6
32. Rd5+ Kc7 33. e6 1-0

[Event "DEM U10 2018"]
[Site "Willingen GER"]
[Date "2018.05.22"]
[Round "5"]
[White "Cromm, Mika"]
[Black "Udelnov, Valentin"]
[Result "0-1"]
[Termination "normal"]
[Board "29"]
[WhiteElo "1374"]
[BlackElo "1377"]
[PlyCount "104"]
[WhiteFideId "16244915"]
[BlackFideId "16265734"]
[EventCountry "GER"]
[EventRounds "11"]
[EventType "swiss"]
[EventDate "2018.05.19"]

1. d4 Nf6 2. Bf4 g6 3. c4 c5 4. d5 b5 5. cxb5 a6 6. Nc3 d6 7. e4 Bg7 8. Nf3 O-O
9. Qd3 Qa5 10. Qc2 axb5 11. Bxb5 Ba6 12. Bxa6 Nxa6 13. O-O Nb4 14. Qe2 Nh5 15.
Bd2 Nc2 16. Rac1 Nd4 17. Nxd4 cxd4 18. Nb1 Qxa2 19. Bg5 f6 20. Bh4 Rab8 21. Rc2
Rb3 22. Qc4 g5 23. Nd2 d3 24. Qxb3 Qxb3 25. Nxb3 dxc2 26. Bg3 Nxg3 27. hxg3 f5
28. Rc1 Rc8 29. Na1 Rb8 30. Nxc2 Rc8 31. Rb1 Rxc2 32. b4 Rb2 33. Rxb2 Bxb2 34.
exf5 Bd4 35. Kf1 Kf7 36. f4 Kf6 37. Ke2 Kxf5 38. Kf3 g4+ 39. Ke2 Ke4 40. f5
Kxd5 41. Kd3 h5 42. b5 Bb6 43. Kc3 Kc5 44. Kd3 Kxb5 45. Ke4 Kc4 46. Kf4 d5 47.
Kg5 d4 48. Kxh5 d3 49. Kxg4 d2 50. Kh5 d1=Q+ 51. g4 Kd5 52. Kg6 Qxg4+ 0-1

[Event "DEM U10 2018"]
[Site "Willingen GER"]
[Date "2018.05.22"]
[Round "5"]
[White "Schüller, Julian"]
[Black "Sinka, Silas"]
[Result "1/2-1/2"]
[Termination "normal"]
[Board "30"]
[WhiteElo "1035"]
[BlackElo "1186"]
[PlyCount "42"]
[WhiteFideId "16265882"]
[BlackFideId "16265823"]
[EventCountry "GER"]
[EventRounds "11"]
[EventType "swiss"]
[EventDate "2018.05.19"]

1. d4 e6 2. Nf3 d5 3. e3 c5 4. b3 Nf6 5. Nbd2 Nc6 6. Bd3 Be7 7. Bb2 O-O 8. O-O
Nb4 9. Be2 Re8 10. a3 Nc6 11. Ne5 Bd6 12. f4 Be7 13. Bd3 Qb6 14. Nxc6 Qxc6 15.
Qf3 b6 16. c4 Bb7 17. Rae1 Ne4 18. Qh3 h6 19. Nxe4 dxe4 20. Bc2 Rad8 21. f5 Bg5
1/2-1/2

[Event "DEM U10 2018"]
[Site "Willingen GER"]
[Date "2018.05.23"]
[Round "6"]
[White "Müller, Maximilian"]
[Black "Hagner, Bennet"]
[Result "0-1"]
[Termination "normal"]
[Board "1"]
[WhiteElo "1497"]
[BlackElo "1833"]
[WhiteClock "00:06:21"]
[BlackClock "00:17:09"]
[PlyCount "138"]
[WhiteFideId "16243552"]
[BlackFideId "16224477"]
[EventCountry "GER"]
[EventRounds "11"]
[EventType "swiss"]
[EventDate "2018.05.19"]

1. d4 {[%clk 1:15:59]} 1... d5 {[%clk 1:15:33]} 2. Nf3 {[%clk 1:16:18]} 2... c6
{[%clk 1:15:18]} 3. g3 {[%clk 1:16:10]} 3... Nf6 {[%clk 1:14:58]} 4. Bg2 {
[%clk 1:16:03]} 4... Bf5 {[%clk 1:13:38]} 5. O-O 5... e6 {[%clk 1:11:59]} 6.
Nbd2 {[%clk 1:12:24]} 6... h5 {[%clk 1:07:42]} 7. Re1 {[%clk 1:06:17]} 7...
Nbd7 {[%clk 1:01:06]} 8. c4 {[%clk 1:01:55]} 8... Ne4 {[%clk 0:59:46]} 9. cxd5
{[%clk 0:56:20]} 9... cxd5 {[%clk 0:55:28]} 10. Nh4 {[%clk 0:55:09]} 10... Bh7
{[%clk 0:45:08]} 11. Bxe4 {[%clk 0:53:54]} 11... dxe4 {[%clk 0:45:18]} 12. Ng2
{[%clk 0:49:53]} 12... Be7 {[%clk 0:36:22]} 13. Nc4 {[%clk 0:40:18]} 13... h4 {
[%clk 0:28:18]} 14. Bf4 {[%clk 0:37:02]} 14... hxg3 {[%clk 0:24:00]} 15. fxg3 {
[%clk 0:37:10]} 15... O-O {[%clk 0:23:10]} 16. e3 {[%clk 0:33:10]} 16... b5 {
[%clk 0:21:38]} 17. Ne5 {[%clk 0:16:33]} 17... g5 {[%clk 0:21:19]} 18. Nc6 {
[%clk 0:16:56]} 18... Qe8 {[%clk 0:21:18]} 19. Nxe7+ {[%clk 0:17:09]} 19...
Qxe7 {[%clk 0:21:39]} 20. Bc7 {[%clk 0:17:11]} 20... a5 {[%clk 0:21:08]} 21. g4
{[%clk 0:16:36]} 21... e5 {[%clk 0:19:38]} 22. dxe5 {[%clk 0:15:00]} 22... Nxe5
{[%clk 0:19:25]} 23. Bd6 {[%clk 0:15:11]} 23... Qe6 {[%clk 0:19:32]} 24. Bxf8 {
[%clk 0:14:55]} 24... Nf3+ {[%clk 0:19:54]} 25. Kh1 {[%clk 0:14:34]} 25... Nxe1
{[%clk 0:16:06]} 26. Qxe1 {[%clk 0:15:01]} 26... Kxf8 {[%clk 0:15:51]} 27. Qc3
{[%clk 0:13:02]} 27... Qxg4 {[%clk 0:15:22]} 28. Qc5+ {[%clk 0:13:24]} 28...
Kg8 {[%clk 0:15:25]} 29. Qxb5 {[%clk 0:13:45]} 29... Qf5 {[%clk 0:14:19]} 30.
Qxf5 {[%clk 0:13:35]} 30... Bxf5 {[%clk 0:14:47]} 31. Rc1 {[%clk 0:13:51]}
31... Rd8 {[%clk 0:15:01]} 32. Kg1 {[%clk 0:13:26]} 32... Bh3 {[%clk 0:14:36]}
33. Rc2 {[%clk 0:12:42]} 33... Rd3 {[%clk 0:14:21]} 34. Re2 {[%clk 0:11:51]}
34... Bg4 {[%clk 0:13:55]} 35. Rc2 {[%clk 0:11:57]} 35... Bh3 {[%clk 0:12:22]}
36. Re2 {[%clk 0:12:20]} 36... a4 {[%clk 0:12:36]} 37. Ne1 {[%clk 0:10:44]}
37... Rd1 {[%clk 0:12:34]} 38. Kf2 {[%clk 0:11:10]} 38... Be6 {[%clk 0:12:32]}
39. Rc2 {[%clk 0:09:16]} 39... Bxa2 {[%clk 0:12:30]} 40. Ke2 {[%clk 0:09:41]}
40... Rb1 {[%clk 0:10:53]} 41. Rc8+ {[%clk 0:08:43]} 41... Kg7 {[%clk 0:11:13]}
42. Rc2 {[%clk 0:09:03]} 42... Kg6 {[%clk 0:10:51]} 43. Kf2 {[%clk 0:06:58]}
43... Bb3 {[%clk 0:10:27]} 44. Rd2 {[%clk 0:07:15]} 44... Rd1 {[%clk 0:10:44]}
45. Rxd1 {[%clk 0:07:19]} 45... Bxd1 {[%clk 0:11:11]} 46. Kg3 {[%clk 0:07:29]}
46... Kf5 {[%clk 0:11:11]} 47. h4 {[%clk 0:06:42]} 47... f6 {[%clk 0:11:33]}
48. Ng2 {[%clk 0:06:26]} 48... Ke5 {[%clk 0:11:50]} 49. Kf2 {[%clk 0:06:26]}
49... Kd5 {[%clk 0:11:53]} 50. Ke1 {[%clk 0:03:14]} 50... Bf3 {[%clk 0:12:16]}
51. h5 {[%clk 0:02:53]} 51... Bxh5 {[%clk 0:12:29]} 52. Kd2 {[%clk 0:03:19]}
52... Kc4 {[%clk 0:12:25]} 53. Kc2 {[%clk 0:03:08]} 53... Bf3 {[%clk 0:12:38]}
54. Ne1 {[%clk 0:03:22]} 54... g4 {[%clk 0:13:01]} 55. Kc1 {[%clk 0:02:08]}
55... g3 {[%clk 0:13:21]} 56. Kc2 {[%clk 0:02:27]} 56... g2 {[%clk 0:13:43]}
57. Nxg2 {[%clk 0:02:53]} 57... Bxg2 {[%clk 0:14:10]} 58. Kd2 {[%clk 0:03:04]}
58... Kb3 {[%clk 0:14:29]} 59. Kc1 {[%clk 0:03:29]} 59... f5 {[%clk 0:14:45]}
60. Kb1 {[%clk 0:03:51]} 60... f4 {[%clk 0:15:03]} 61. exf4 {[%clk 0:03:52]}
61... e3 {[%clk 0:15:06]} 62. Kc1 {[%clk 0:04:18]} 62... Be4 {[%clk 0:15:25]}
63. Kd1 {[%clk 0:04:23]} 63... Kxb2 {[%clk 0:15:42]} 64. Ke2 {[%clk 0:04:51]}
64... a3 {[%clk 0:15:59]} 65. Ke1 {[%clk 0:05:02]} 65... a2 {[%clk 0:16:14]}
66. Ke2 {[%clk 0:05:30]} 66... a1=Q {[%clk 0:16:30]} 67. f5 {[%clk 0:05:46]}
67... Qa3 {[%clk 0:16:47]} 68. f6 {[%clk 0:05:55]} 68... Qd3+ {[%clk 0:17:09]}
69. Ke1 {[%clk 0:06:21]} 69... Bf3 0-1

[Event "DEM U10 2018"]
[Site "Willingen GER"]
[Date "2018.05.23"]
[Round "6"]
[White "Poschadel, Andreas Gregor"]
[Black "Möller, Maurin"]
[Result "1-0"]
[Termination "normal"]
[Board "2"]
[WhiteElo "1771"]
[BlackElo "1500"]
[WhiteClock "00:21:00"]
[BlackClock "00:18:21"]
[PlyCount "133"]
[WhiteFideId "16204948"]
[BlackFideId "16265696"]
[EventCountry "GER"]
[EventRounds "11"]
[EventType "swiss"]
[EventDate "2018.05.19"]

1. d4 {[%clk 1:15:56]} d5 {[%clk 1:15:49]} 2. Nf3 {[%clk 1:16:21]} Nf6 {[%clk
1:16:13]} 3. Bf4 {[%clk 1:16:45]} Bf5 {[%clk 1:16:37]} 4. e3 {[%clk 1:17:02]}
e6 {[%clk 1:17:01]} 5. Ne5 {[%clk 1:17:03]} a6 {[%clk 1:13:53]} 6. Nd2 {[%clk
1:16:25]} Nbd7 {[%clk 1:14:10]} 7. Ndf3 {[%clk 1:16:32]} Nxe5 {[%clk 1:12:44]}
8. Nxe5 {[%clk 1:16:52]} Bd6 {[%clk 1:13:05]} 9. Be2 {[%clk 1:12:48]} Nd7
{[%clk 1:11:08]} 10. h4 {[%clk 1:10:52]} h6 {[%clk 1:10:20]} 11. Qd2 {[%clk
1:04:34]} Nxe5 12. dxe5 {[%clk 1:03:26]} Bc5 {[%clk 0:59:36]} 13. O-O-O {[%clk
1:02:30]} Qe7 {[%clk 0:59:46]} 14. g4 {[%clk 1:00:10]} Bh7 {[%clk 1:00:06]} 15.
g5 {[%clk 0:59:36]} Bf5 {[%clk 0:59:47]} 16. e4 {[%clk 0:52:54]} Bxe4 {[%clk
1:00:07]} 17. f3 {[%clk 0:53:16]} Bf5 {[%clk 1:00:19]} 18. gxh6 {[%clk
0:53:25]} gxh6 {[%clk 1:00:30]} 19. Bxh6 {[%clk 0:53:31]} Qd7 {[%clk 1:00:00]}
20. Kb1 {[%clk 0:37:59]} O-O-O {[%clk 0:59:43]} 21. h5 {[%clk 0:36:47]} Bf8
{[%clk 0:56:54]} 22. Bg5 {[%clk 0:33:22]} Be7 {[%clk 0:57:15]} 23. Rdg1 {[%clk
0:31:56]} Rdg8 {[%clk 0:57:06]} 24. f4 {[%clk 0:28:19]} Be4 {[%clk 0:53:36]}
25. Rh3 {[%clk 0:25:30]} f6 {[%clk 0:46:10]} 26. exf6 {[%clk 0:24:27]} Bxf6
{[%clk 0:46:33]} 27. Rhg3 {[%clk 0:24:41]} Qf7 {[%clk 0:46:05]} 28. Qe3 {[%clk
0:23:19]} Kb8 {[%clk 0:39:03]} 29. Qb3 {[%clk 0:16:14]} Kc8 {[%clk 0:38:22]}
30. a3 {[%clk 0:11:49]} Bd4 {[%clk 0:30:47]} 31. Rd1 {[%clk 0:08:14]} Bf6
{[%clk 0:30:52]} 32. Qb4 Bxg5 {[%clk 0:26:01]} 33. fxg5 {[%clk 0:01:57]} Qf5
{[%clk 0:25:14]} 34. Rc3 {[%clk 0:01:32]} Qf7 {[%clk 0:20:17]} 35. Rb3 {[%clk
0:00:59]} b5 {[%clk 0:03:41]} 36. Qa5 {[%clk 0:00:59]} Kb7 {[%clk 0:03:50]} 37.
g6 {[%clk 0:00:46]} Qf5 {[%clk 0:04:07]} 38. Rc3 {[%clk 0:00:41]} Qe5 {[%clk
0:04:07]} 39. a4 {[%clk 0:00:45]} Ra8 {[%clk 0:02:21]} 40. axb5 {[%clk
0:00:47]} Rhb8 {[%clk 0:02:12]} 41. bxa6+ {[%clk 0:00:37]} Kc8 {[%clk 0:02:31]}
42. a7 {[%clk 0:14:38]} Rxa7 {[%clk 0:16:32]} 43. Qxa7 {[%clk 0:14:59]} Rb4
{[%clk 0:15:27]} 44. Qc5 {[%clk 0:14:25]} Rb8 {[%clk 0:14:41]} 45. Qf8+ {[%clk
0:14:08]} Kb7 {[%clk 0:14:07]} 46. Rb3+ {[%clk 0:14:34]} Kc6 {[%clk 0:14:24]}
47. Qxb8 {[%clk 0:14:56]} Bxc2+ {[%clk 0:14:45]} 48. Kxc2 {[%clk 0:15:06]}
Qxe2+ {[%clk 0:15:10]} 49. Rd2 {[%clk 0:15:31]} Qe4+ {[%clk 0:15:20]} 50. Rbd3
{[%clk 0:15:53]} Qa4+ {[%clk 0:15:32]} 51. Qb3 {[%clk 0:16:18]} Qe4 {[%clk
0:15:47]} 52. g7 {[%clk 0:16:34]} Qh7 {[%clk 0:16:07]} 53. Qc3+ {[%clk
0:16:50]} Kd6 {[%clk 0:16:30]} 54. Qf6 {[%clk 0:17:15]} Qe4 {[%clk 0:16:09]}
55. Qf8+ {[%clk 0:17:30]} Kc6 {[%clk 0:16:30]} 56. Qe8+ {[%clk 0:17:25]} Kd6
{[%clk 0:16:56]} 57. Qb5 {[%clk 0:17:32]} c5 {[%clk 0:17:12]} 58. g8=Q {[%clk
0:17:49]} Qxd3+ {[%clk 0:16:55]} 59. Rxd3 {[%clk 0:18:10]} c4 {[%clk 0:17:09]}
60. Qd8+ {[%clk 0:18:35]} Ke5 {[%clk 0:17:23]} 61. Rxd5+ {[%clk 0:18:43]} exd5
{[%clk 0:16:54]} 62. Qdxd5+ {[%clk 0:19:05]} Kf4 {[%clk 0:17:08]} 63. Qbxc4+
{[%clk 0:19:31]} Kg3 {[%clk 0:17:27]} 64. Qcd3+ {[%clk 0:19:42]} Kf2 {[%clk
0:17:40]} 65. Q5f3+ {[%clk 0:20:06]} Kg1 {[%clk 0:17:59]} 66. Qdf1+ {[%clk
0:20:32]} Kh2 {[%clk 0:18:21]} 67. Q1h1# {[%clk 0:21:00]} 1-0

[Event "DEM U10 2018"]
[Site "Willingen GER"]
[Date "2018.05.23"]
[Round "6"]
[White "Sundui, Chinguun"]
[Black "Strehse, Nelson"]
[Result "1/2-1/2"]
[Termination "normal"]
[Board "3"]
[WhiteElo "1424"]
[BlackElo "1201"]
[WhiteClock "00:05:42"]
[BlackClock "00:07:07"]
[PlyCount "73"]
[WhiteFideId "4907930"]
[BlackFideId "16228898"]
[EventCountry "GER"]
[EventRounds "11"]
[EventType "swiss"]
[EventDate "2018.05.19"]

1. d4 {[%clk 1:15:59]} 1... d5 {[%clk 1:15:46]} 2. Nf3 {[%clk 1:16:26]} 2... e6
{[%clk 1:16:04]} 3. g3 {[%clk 1:16:44]} 3... Nf6 {[%clk 1:16:20]} 4. Bg2 {
[%clk 1:16:57]} 4... c5 {[%clk 1:16:19]} 5. O-O {[%clk 1:16:16]} 5... Nc6 {
[%clk 1:16:17]} 6. c4 {[%clk 1:11:46]} 6... dxc4 {[%clk 1:12:52]} 7. dxc5 {
[%clk 1:11:56]} 7... Qxd1 {[%clk 1:11:58]} 8. Rxd1 {[%clk 1:12:24]} 8... Bxc5 {
[%clk 1:12:07]} 9. Nbd2 {[%clk 1:12:24]} 9... Ng4 {[%clk 1:07:55]} 10. Ne4 {
[%clk 1:08:57]} 10... Be7 {[%clk 1:03:48]} 11. h3 {[%clk 1:03:35]} 11... Nf6 {
[%clk 1:03:46]} 12. Ned2 {[%clk 1:02:46]} 12... O-O {[%clk 0:59:22]} 13. Nxc4 {
[%clk 1:02:50]} 13... Nd5 {[%clk 0:52:16]} 14. Nfe5 {[%clk 0:54:08]} 14... Nxe5
{[%clk 0:43:49]} 15. Nxe5 {[%clk 0:52:14]} 15... Nb6 {[%clk 0:42:44]} 16. b3 {
[%clk 0:38:55]} 16... f6 {[%clk 0:38:19]} 17. Nd3 {[%clk 0:37:12]} 17... e5 {
[%clk 0:28:52]} 18. Bb2 {[%clk 0:36:13]} 18... Rb8 {[%clk 0:29:03]} 19. Rac1 {
[%clk 0:35:29]} 19... Bd7 {[%clk 0:27:22]} 20. Rc7 {[%clk 0:31:41]} 20... Bd6 {
[%clk 0:24:24]} 21. Rxb7 {[%clk 0:25:34]} 21... Rxb7 {[%clk 0:24:12]} 22. Bxb7
{[%clk 0:26:00]} 22... Bxh3 {[%clk 0:24:01]} 23. Kh2 {[%clk 0:24:00]} 23... Bc8
{[%clk 0:23:37]} 24. Bg2 {[%clk 0:24:05]} 24... Be7 {[%clk 0:20:17]} 25. Rc1 {
[%clk 0:22:27]} 25... Bd6 {[%clk 0:18:31]} 26. Rc6 {[%clk 0:18:07]} 26... Bb8 {
[%clk 0:14:42]} 27. Rc1 {[%clk 0:13:59]} 27... Bd6 {[%clk 0:13:24]} 28. Kg1 {
[%clk 0:10:15]} 28... Bd7 {[%clk 0:12:12]} 29. Kf1 {[%clk 0:09:34]} 29... Rc8 {
[%clk 0:11:48]} 30. Rxc8+ {[%clk 0:09:42]} 30... Bxc8 {[%clk 0:12:06]} 31. Ke1
{[%clk 0:09:51]} 31... Kf7 {[%clk 0:10:24]} 32. Kd2 {[%clk 0:10:08]} 32... Ke6
{[%clk 0:09:53]} 33. e4 {[%clk 0:06:22]} 33... Nd7 {[%clk 0:09:24]} 34. Bh3+ {
[%clk 0:06:25]} 34... Ke7 {[%clk 0:09:22]} 35. Kc3 {[%clk 0:06:43]} 35... Bb7 {
[%clk 0:08:53]} 36. f3 {[%clk 0:06:54]} 36... Nc5 {[%clk 0:07:07]} 37. Nxc5 {
[%clk 0:05:42]} 1/2-1/2

[Event "DEM U10 2018"]
[Site "Willingen GER"]
[Date "2018.05.23"]
[Round "6"]
[White "Grabs, Peter"]
[Black "Deuer, Marius"]
[Result "0-1"]
[Termination "normal"]
[Board "4"]
[WhiteTitle "CM"]
[WhiteElo "1480"]
[BlackElo "1842"]
[WhiteClock "00:52:26"]
[BlackClock "00:01:49"]
[PlyCount "108"]
[WhiteFideId "16203887"]
[BlackFideId "16236432"]
[EventCountry "GER"]
[EventRounds "11"]
[EventType "swiss"]
[EventDate "2018.05.19"]

1. e4 {[%clk 1:15:59]} 1... c5 {[%clk 1:15:54]} 2. Nf3 {[%clk 1:16:26]} 2...
Nc6 {[%clk 1:16:19]} 3. d4 {[%clk 1:16:53]} 3... cxd4 {[%clk 1:16:45]} 4. Nxd4
{[%clk 1:17:19]} 4... g6 {[%clk 1:17:10]} 5. c4 {[%clk 1:17:46]} 5... Bg7 {
[%clk 1:17:28]} 6. Be3 {[%clk 1:18:10]} 6... Nf6 {[%clk 1:17:46]} 7. Nc3 {
[%clk 1:18:35]} 7... O-O {[%clk 1:18:04]} 8. Nc2 {[%clk 1:18:55]} 8... d6 {
[%clk 1:11:16]} 9. Be2 {[%clk 1:19:17]} 9... Nd7 {[%clk 1:08:16]} 10. Qd2 {
[%clk 1:17:56]} 10... Nc5 {[%clk 1:02:54]} 11. f3 {[%clk 1:16:40]} 11... Be6 {
[%clk 0:55:24]} 12. O-O {[%clk 1:14:40]} 12... a5 {[%clk 0:52:11]} 13. Bh6 {
[%clk 1:13:15]} 13... Bxh6 {[%clk 0:47:34]} 14. Qxh6 {[%clk 1:12:57]} 14... Qb6
{[%clk 0:47:42]} 15. Kh1 {[%clk 1:07:34]} 15... Qxb2 {[%clk 0:44:44]} 16. Qd2 {
[%clk 1:05:09]} 16... Qb6 {[%clk 0:44:08]} 17. f4 {[%clk 1:01:56]} 17... f5 {
[%clk 0:39:31]} 18. exf5 {[%clk 1:01:45]} 18... Bxf5 {[%clk 0:35:27]} 19. g4 {
[%clk 1:01:22]} 19... Bxc2 20. Qxc2 {[%clk 1:01:16]} 20... Nd4 {[%clk 0:31:03]}
21. Qd2 {[%clk 1:01:19]} 21... Qc6+ {[%clk 0:29:29]} 22. Kg1 {[%clk 1:01:00]}
22... Nxe2+ {[%clk 0:25:45]} 23. Qxe2 {[%clk 1:00:32]} 23... Rf7 { [%clk
0:16:40]} 24. f5 {[%clk 0:58:07]} 24... gxf5 {[%clk 0:12:09]} 25. Rxf5 { [%clk
0:58:12]} 25... Rxf5 {[%clk 0:12:09]} 26. gxf5 {[%clk 0:58:26]} 26... Kh8
{[%clk 0:12:25]} 27. Nd5 {[%clk 0:57:48]} 27... Rg8+ {[%clk 0:04:45]} 28. Kh1 {
[%clk 0:50:47]} 28... Rg7 {[%clk 0:04:29]} 29. Rg1 {[%clk 0:50:07]} 29... Qd7 {
[%clk 0:04:32]} 30. Rxg7 {[%clk 0:49:42]} 30... Kxg7 {[%clk 0:04:57]} 31. Qxe7+
{[%clk 0:49:38]} 31... Qxe7 {[%clk 0:05:19]} 32. Nxe7 {[%clk 0:49:54]} 32...
Kf6 {[%clk 0:05:47]} 33. Nc8 {[%clk 0:50:08]} 33... Ne4 {[%clk 0:06:11]} 34.
Kg2 {[%clk 0:50:11]} 34... Kxf5 {[%clk 0:06:22]} 35. Nb6 {[%clk 0:49:18]} 35...
Nc3 {[%clk 0:04:45]} 36. a3 {[%clk 0:49:00]} 36... Ke5 {[%clk 0:04:42]} 37. Kg3
{[%clk 0:48:16]} 37... Kd4 {[%clk 0:03:51]} 38. Kg4 {[%clk 0:48:16]} 38... Kc5
{[%clk 0:03:17]} 39. Nd7+ {[%clk 0:48:37]} 39... Kxc4 {[%clk 0:02:54]} 40. Nf6
{[%clk 0:48:52]} 40... b5 {[%clk 0:01:25]} 41. Nxh7 {[%clk 0:49:06]} 41... b4 {
[%clk 0:01:49]} 42. Ng5 {[%clk 0:49:24]} 42... bxa3 {[%clk 0:01:19]} 43. h4 {
[%clk 0:49:39]} 43... a2 {[%clk 0:01:42]} 44. h5 {[%clk 0:50:00]} 44... a1=Q {
[%clk 0:01:58]} 45. h6 {[%clk 0:50:23]} 45... Nb5 {[%clk 0:01:37]} 46. Nf7 {
[%clk 0:50:07]} 46... a4 {[%clk 0:01:29]} 47. h7 {[%clk 0:50:28]} 47... Qg7+ {
[%clk 0:01:34]} 48. Ng5 {[%clk 0:50:52]} 48... a3 {[%clk 0:01:34]} 49. Kf4 {
[%clk 0:50:46]} 49... a2 {[%clk 0:01:23]} 50. Ke3 {[%clk 0:51:07]} 50... Qxg5+
{[%clk 0:01:28]} 51. Ke4 {[%clk 0:51:25]} 51... a1=Q {[%clk 0:01:36]} 52. h8=Q
{[%clk 0:51:43]} 52... Qb1+ {[%clk 0:01:25]} 53. Kf3 {[%clk 0:52:02]} 53...
Qf1+ {[%clk 0:01:49]} 54. Ke4 {[%clk 0:52:26]} 54... Qd3# 0-1